000 00581nam a2200217Ia 4500
008 230125s9999 xx 000 0 und d
041 _aeng
082 _a658.3124
_bPFE
100 _aPfeiffer J W, Ed.
245 _aThe Trainers Toolkit
_bCompedium of Design Ideas on, 3 Team Building Activities
250 _a1st Ed.
260 _c1111
_bPentagon press
_aNew Delhi
300 _a355p
440 _aTrainers Toolkit
_9113586
500 _aTraining
500 _aTraining
650 _aManagement
700 _aPfeiffer J W, Ed.
906 _b245
999 _c90806
_d90806